Las semillas Agrícolas y hortícolas : Producción, control y distribución.

Bibliographic Details
Main Author: italia.FAO
Format: Section = Libro
Language:Undetermined
Spanish
Published: Italia HOEPLI 1961
Subjects:
LEADER 00749nam a2200253Ia 4500
008 240830s9999 xx 000 0 und d
020 |a 92-5-300475-4 
040 |a B-ESTELÍ- RUACS / 635.6 F111 
041 |a spa 
082 |a 635.6 F111 
100 1 |a italia.FAO 
245 1 0 |a Las semillas Agrícolas y hortícolas : Producción, control y distribución. 
260 |a Italia  |b HOEPLI  |c 1961 
300 |a 616p. 
650 7 |a LAS SEMILLAS AGRÍCOLAS Y HORICOLAS 
650 7 |b  OBTENCION, EVALUACION Y CONSERVACION DE VARIEDADES 
650 7 |c  ECOLOGIA 
650 7 |d  AGRONOMIA 
650 7 |e  DISTRIBUCION Y COMERCIO DE SEMILLAS 
650 7 |f  PLANTAS FIBROTEXTILES 
650 7 |g  HORTALIZAS 
942 |c BK  |2 ddc 
991 |a TEXTO 
999 |c 11361